Duchovní revoluce v srdci Evropy : pohled do dějin českého národa /

Hlavní autor: Pitter, Přemysl, 1895-1976
Další autoři: Plzák, Michal, 1963-
Jazyk: Čeština
Vydáno: Praha : Nadační fond Přemysla Pittra a Olgy Fierzové :Kalich, 2011
Vydání: 3. české vyd.
Témata:
Fyzický popis: 133 s. : il., portréty, faksim. ; 18 cm
Knihy
Uloženo v:
LEADER 01784nam a2200493 a 4500
001 nkc20112265866
003 CZ PrNK
005 20160514084121.0
007 ta
008 111228s2011 xr ach e 000 0 cze
015 |a cnb002265866 
020 |a 978-80-7017-159-2  |q (brož.) 
035 |a (OCoLC)776513592 
040 |a ABA001  |b cze 
041 1 |a cze  |h ger 
043 |a e-xr--- 
045 |a n-x- 
072 7 |a 94(437)  |x Dějiny Česka a Slovenska  |2 Konspekt  |9 8 
080 |a 2-58-021.56  |2 MRF 
080 |a 101-051  |2 MRF 
080 |a 94(437.3)  |2 MRF 
080 |a (048.8)  |2 MRF 
100 1 |a Pitter, Přemysl,  |d 1895-1976  |7 jk01093275  |4 aut 
245 1 0 |a Duchovní revoluce v srdci Evropy :  |b pohled do dějin českého národa /  |c Přemysl Pitter ; [k vydání připravil Michal Plzák] 
250 |a 3. české vyd. 
260 |a Praha :  |b Nadační fond Přemysla Pittra a Olgy Fierzové :  |b Kalich,  |c 2011 
300 |a 133 s. :  |b il., portréty, faksim. ;  |c 18 cm 
500 |a Přeloženo z němčiny 
504 |a Obsahuje bibliografické odkazy 
648 7 |a 10.-20. století  |7 ch757131  |2 czenas 
650 0 7 |a duchovní tradice  |7 ph170913  |z Česko  |2 czenas 
650 0 7 |a myslitelé  |7 ph119628  |z Česko  |y 10.-20. století  |2 czenas 
650 0 9 |a spiritual traditions  |z Czechia  |2 eczenas 
650 0 9 |a thinkers  |z Czechia  |y 10th-20th centuries  |2 eczenas 
651 7 |a Česko  |7 ge128065  |x dějiny  |2 czenas 
651 9 |a Czechia  |x history  |2 eczenas 
655 7 |a studie  |7 fd133597  |2 czenas 
655 9 |a studies  |2 eczenas 
700 1 |a Plzák, Michal,  |d 1963-  |7 jn99240000881  |4 edt 
910 2 |a BOA001  |b 1-1278.096 
990 |a BK 
995 |a 01 
991 |b 201201  |c NOV  |e n 
996 6 |b 2610497154  |c 1-1278.096  |l MZK  |r Sklad / do 1 hodiny  |n 2  |p p.v.  |w 001221395  |u 000010  |a 1  |e BOA001  |j MZK50  |s P